| 000 | 01084cab a2200301 4500 | ||
|---|---|---|---|
| 001 | ABS55645 | ||
| 008 | 090401t1996 xxu||||| |||| 00| 0 eng d | ||
| 035 | _a(Sirsi) u17749 | ||
| 041 | _aeng | ||
| 100 | _aMarriott, A. | ||
| 245 | _a1995 Freshfields lecture | ||
| 260 | _c1996 | ||
| 350 | _a0 | ||
| 490 |
_aArbitration _v62(3) Supplement August 1996, 31-44(14) |
||
| 520 | _aAdvocates Alternative Dispute Resolution (ADR) for solving disputes rather than resorting to expensive and time-consuming civil litigation. Refers to Lord Woolf`s "Access to Justice" recommendations on ADR. Comments on the use ADR in North America. | ||
| 650 | _aALTERNATIVE DISPUTE RESOLUTION | ||
| 650 | _aALTERNATIVE DISPUTE RESOLUTION | ||
| 650 | _aCIVIL LAW | ||
| 650 | _aFAST TRACK | ||
| 650 | _aLITIGATION | ||
| 650 | _aMEDIATION | ||
| 650 | _aOUT OF COURT SETTLEMENT | ||
| 650 | _aSTREAMLINING | ||
| 650 | _aWOOLF REPORT | ||
| 690 | _aMANAGEMENT-DISPUTE AVOIDANCE, MANAGEMENT AND RESOLUTION-DISPUTE MANAGEMENT AND RESOLUTION-ARBITRATION | ||
| 942 | _n0 | ||
| 948 | _c04/03/1997 | ||
| 999 |
_c11772 _d11772 |
||